[Event "37. Open Barberá del Vallés 2014"]
[Site "Barberá del Vallés ESP"]
[Date "2014.07.08"]
[Round "5.32"]
[White "Chalmeta Ugas, Jordi"]
[Black "Colom Andres, Xavier"]
[Result "1/2-1/2"]
[WhiteElo "2187"]
[BlackElo "1905"]
[PlyCount "131"]
[EventDate "2014.07.04"]
[EventType "swiss"]
[EventRounds "9"]
[EventCountry "ESP"]
[Source "lmi"]
[SourceDate "2014.07.04"]

1. d4 d5 2. c4 c6 3. Nf3 Nf6 4. Nc3 dxc4 5. a4 Bf5 6. e3 Nbd7 7. Bxc4 e6 8. O-O
Bb4 9. Bd3 Bxd3 10. Qxd3 O-O 11. e4 Nc5 12. Qc4 Bxc3 13. dxc5 Ba5 14. Bg5 Bc7
15. Rad1 Qb8 16. Bxf6 gxf6 17. Rd7 Rd8 18. Rfd1 Rxd7 19. Rxd7 Qc8 20. Qd4 Kf8
21. g3 Ke8 22. Rxc7 Qxc7 23. Qxf6 Qe7 24. Qh8+ Qf8 25. Qxh7 Qxc5 26. h4 Qf8 27.
Qh5 Rd8 28. Ng5 Ke7 29. e5 Qg7 30. Ne4 Rh8 31. Qf3 Qxe5 32. Qa3+ Kd7 33. Ng5
Ke8 34. Qb4 b6 35. Qc4 Qd6 36. Ne4 Qd1+ 37. Kh2 Kd7 38. Qa6 c5 39. Qxa7+ Kc6
40. Qxf7 Qd5 41. Nc3 Qf5 42. Qxf5 exf5 43. Kh3 Kd6 44. f3 Ke5 45. g4 Kf4 46.
Nd5+ Kxf3 47. g5 Ke4 48. Nf6+ Ke5 49. h5 f4 50. Kg4 f3 51. Kxf3 Kf5 52. Ne4 Ra8
53. g6 Rxa4 54. g7 Ra8 55. h6 Kg6 56. Ng5 Kxh6 57. Ne6 Kh7 58. Ke4 Kg8 59. Kd5
Ra2 60. b3 Re2 61. Nc7 Re3 62. Kc4 Kxg7 63. Nd5 Re4+ 64. Kb5 Rd4 65. Nxb6 Rb4+
66. Kxc5 1/2-1/2

[Event "37. Open Barberá del Vallés 2014"]
[Site "Barberá del Vallés ESP"]
[Date "2014.07.08"]
[Round "5.33"]
[White "Pozanco Romasanta, Marc"]
[Black "Jordan Arenas, Manuel"]
[Result "1-0"]
[WhiteElo "2088"]
[BlackElo "2175"]
[PlyCount "97"]
[EventDate "2014.07.04"]
[EventType "swiss"]
[EventRounds "9"]
[EventCountry "ESP"]
[Source "lmi"]
[SourceDate "2014.07.04"]

1. d4 Nf6 2. c4 e6 3. Nc3 Bb4 4. e3 O-O 5. Bd3 d5 6. cxd5 exd5 7. Nge2 Re8 8.
O-O Nbd7 9. f3 c5 10. a3 Ba5 11. Bd2 Bc7 12. Qe1 b6 13. Qh4 Nf8 14. g4 Ng6 15.
Qf2 h5 16. gxh5 Nxh5 17. Kh1 cxd4 18. Nxd4 Ne5 19. Bb5 Rf8 20. Nc6 Qd6 21. Nxd5
Nxf3 22. Bb4 Qh6 23. Nxc7 Ng5 24. Ne7+ Kh8 25. Nxc8 Ne4 26. Qf3 Rfxc8 27. Nxa8
Nhg3+ 28. Kg2 Rc2+ 29. Rf2 Rxf2+ 30. Qxf2 Nxf2 31. hxg3 Qxe3 32. Re1 Qg5 33.
Bc6 Qf6 34. Bf3 Qxb2 35. Re2 Qd4 36. Rxf2 a5 37. Bd2 Qd3 38. Nxb6 Qb5 39. Nd5
Qc5 40. Re2 f5 41. Bc3 Qxa3 42. Re7 Kh7 43. Nf6+ Kh6 44. Ng8+ Kh7 45. Rxg7+ Kh8
46. Be5 a4 47. Rg4+ Kh7 48. Nf6+ Kh8 49. Rg8# 1-0

[Event "37. Open Barberá del Vallés 2014"]
[Site "Barberá del Vallés ESP"]
[Date "2014.07.08"]
[Round "5.34"]
[White "Castells Briones, Miquel"]
[Black "Fabre Massana, Miquel"]
[Result "0-1"]
[WhiteElo "1979"]
[BlackElo "2116"]
[PlyCount "60"]
[EventDate "2014.07.04"]
[EventType "swiss"]
[EventRounds "9"]
[EventCountry "ESP"]
[Source "lmi"]
[SourceDate "2014.07.04"]

1. d4 d5 2. Nf3 c6 3. c4 e6 4. Nbd2 Nf6 5. e3 Nbd7 6. Bd3 Bd6 7. O-O O-O 8. e4
dxe4 9. Nxe4 Nxe4 10. Bxe4 h6 11. Bc2 Re8 12. Re1 b6 13. Qd3 Nf6 14. Ne5 Bb7
15. Nxf7 Kxf7 16. Qg6+ Kg8 17. Bxh6 Qc7 18. Re5 Qf7 19. Qg5 Kf8 20. Re3 gxh6
21. Qh4 c5 22. dxc5 bxc5 23. Rae1 Qg7 24. g3 Qg5 25. Qh3 Ng4 26. Rd3 Rad8 27.
f3 Nf6 28. f4 Bxf4 29. Rxd8 Rxd8 30. Qxe6 Re8 0-1

[Event "37. Open Barberá del Vallés 2014"]
[Site "Barberá del Vallés ESP"]
[Date "2014.07.08"]
[Round "5.35"]
[White "Anguera Maestro, Jaime"]
[Black "Nadal Fajardo, Ricard"]
[Result "1-0"]
[WhiteElo "2179"]
[BlackElo "1999"]
[PlyCount "63"]
[EventDate "2014.07.04"]
[EventType "swiss"]
[EventRounds "9"]
[EventCountry "ESP"]
[Source "lmi"]
[SourceDate "2014.07.04"]

1. d4 Nf6 2. c4 c6 3. Nc3 d5 4. e3 e6 5. Nf3 Nbd7 6. Bd3 dxc4 7. Bxc4 b5 8. Bd3
a6 9. O-O Bb7 10. e4 c5 11. d5 exd5 12. Nxd5 Nxd5 13. exd5 Bxd5 14. Re1+ Be7
15. Qe2 Bxf3 16. gxf3 Ra7 17. a4 b4 18. Bf4 Nf6 19. Bxa6 O-O 20. Bb5 Nd5 21.
Be5 Qb6 22. Qe4 Qg6+ 23. Qxg6 hxg6 24. Rad1 Nc7 25. Bc4 Ne6 26. b3 Nd4 27. Bxd4
cxd4 28. Rxd4 Bf6 29. Rd5 Rfa8 30. Re4 Kf8 31. Kg2 Rd8 32. Bb5 1-0

[Event "37. Open Barberá del Vallés 2014"]
[Site "Barberá del Vallés ESP"]
[Date "2014.07.08"]
[Round "5.36"]
[White "Menac Comas, Joan Ramon"]
[Black "Ventura Bolet, Alexandre"]
[Result "0-1"]
[WhiteElo "2147"]
[BlackElo "1949"]
[PlyCount "42"]
[EventDate "2014.07.04"]
[EventType "swiss"]
[EventRounds "9"]
[EventCountry "ESP"]
[Source "lmi"]
[SourceDate "2014.07.04"]

1. e4 Nf6 2. Nc3 d5 3. exd5 Nxd5 4. Qf3 e6 5. Bc4 Nb4 6. Bb3 N8c6 7. Nge2 Na5
8. Ba4+ Bd7 9. a3 Bxa4 10. axb4 Bc6 11. Qg4 h5 12. Qg3 Nc4 13. d3 h4 14. Qh3
Nd6 15. d4 Qf6 16. O-O Nb5 17. Re1 Bxb4 18. d5 Nxc3 19. dxc6 Nxe2+ 20. Rxe2
bxc6 21. Ra6 Rd8 0-1

[Event "37. Open Barberá del Vallés 2014"]
[Site "Barberá del Vallés ESP"]
[Date "2014.07.08"]
[Round "5.37"]
[White "Garcia Acosta, Roger"]
[Black "Bernat, Ernest"]
[Result "1-0"]
[WhiteElo "2054"]
[BlackElo "2101"]
[PlyCount "75"]
[EventDate "2014.07.04"]
[EventType "swiss"]
[EventRounds "9"]
[EventCountry "ESP"]
[Source "lmi"]
[SourceDate "2014.07.04"]

1. e4 c5 2. Nf3 d6 3. d4 cxd4 4. Nxd4 Nf6 5. Nc3 a6 6. Be2 e5 7. Nb3 Be6 8. f4
exf4 9. Bxf4 Be7 10. Qd2 Nc6 11. O-O-O Bxb3 12. cxb3 O-O 13. Kb1 Ne5 14. h3 Re8
15. g4 Bf8 16. g5 Nfd7 17. h4 Nc5 18. h5 b5 19. b4 Ne6 20. Nd5 Nxf4 21. Qxf4
Re6 22. Qf5 Rc8 23. Nf4 Re8 24. g6 Qd7 25. gxh7+ Kh8 26. h6 Qxf5 27. hxg7+ Bxg7
28. exf5 Nc4 29. Bxc4 Rxc4 30. Nd5 Be5 31. Rdg1 Rd4 32. Ne7 Rd1+ 33. Rxd1 Rxe7
34. Rdg1 Re8 35. Rg4 Bf6 36. Rhg1 Rd8 37. Rg8+ Kxh7 38. R8g4 1-0

[Event "37. Open Barberá del Vallés 2014"]
[Site "Barberá del Vallés ESP"]
[Date "2014.07.08"]
[Round "5.38"]
[White "Fernandez Aguilar, Francisco"]
[Black "Garcia Marin, Guillem"]
[Result "1/2-1/2"]
[WhiteElo "2049"]
[BlackElo "2099"]
[PlyCount "61"]
[EventDate "2014.07.04"]
[EventType "swiss"]
[EventRounds "9"]
[EventCountry "ESP"]
[Source "lmi"]
[SourceDate "2014.07.04"]

1. e4 c5 2. Nc3 Nc6 3. Bb5 e5 4. Bxc6 dxc6 5. d3 Bd6 6. Nge2 Nf6 7. O-O O-O 8.
f4 a5 9. a4 Qb6 10. fxe5 Bxe5 11. Bf4 Qc7 12. Qd2 Re8 13. Ng3 Ng4 14. h3 Bxf4
15. Qxf4 Qxf4 16. Rxf4 Ne5 17. b3 Be6 18. Raf1 Red8 19. Nge2 Rab8 20. R4f2 b6
21. Rb1 Rb7 22. Rff1 Rbb8 23. Kh2 Ra8 24. Ng1 Rab8 25. Nf3 Nd7 26. Nd2 Ne5 27.
Nf3 Nd7 28. Kg1 Rb7 29. Rfd1 Rbb8 30. Ra1 Rb7 31. Ng5 1/2-1/2

[Event "37. Open Barberá del Vallés 2014"]
[Site "Barberá del Vallés ESP"]
[Date "2014.07.08"]
[Round "5.39"]
[White "Vigo Allepuz, David"]
[Black "Las Heras Aixandri, Guillem"]
[Result "1-0"]
[WhiteElo "2085"]
[BlackElo "1646"]
[PlyCount "31"]
[EventDate "2014.07.04"]
[EventType "swiss"]
[EventRounds "9"]
[EventCountry "ESP"]
[Source "lmi"]
[SourceDate "2014.07.04"]

1. d4 d5 2. Bg5 Nf6 3. Bxf6 exf6 4. e3 Bf5 5. Ne2 Nd7 6. Ng3 Bg6 7. h4 h6 8. h5
Bh7 9. Bd3 Bd6 10. Qg4 Qe7 11. Bxh7 Bxg3 12. Qxg3 Rxh7 13. Qxc7 Qe4 14. Nc3
Qxc2 15. Nxd5 Qe4 16. Qxb7 1-0

[Event "37. Open Barberá del Vallés 2014"]
[Site "Barberá del Vallés ESP"]
[Date "2014.07.08"]
[Round "5.40"]
[White "Simon Del Sol, Jaume"]
[Black "Clanchet Olle, Josep"]
[Result "1-0"]
[WhiteElo "1986"]
[BlackElo "1736"]
[PlyCount "79"]
[EventDate "2014.07.04"]
[EventType "swiss"]
[EventRounds "9"]
[EventCountry "ESP"]
[Source "lmi"]
[SourceDate "2014.07.04"]

1. d4 d5 2. Nf3 e6 3. Bf4 Bd6 4. Bg3 Nf6 5. e3 c5 6. c3 Nc6 7. Nbd2 c4 8. Be2
b5 9. b3 Qc7 10. a4 Ba6 11. Bxd6 Qxd6 12. axb5 Bxb5 13. bxc4 dxc4 14. Bxc4 Rb8
15. O-O O-O 16. Qe2 Bxc4 17. Nxc4 Qd5 18. Nfd2 Ne4 19. Nxe4 Qxe4 20. f3 Qd5 21.
Qa2 f5 22. Rfb1 Rxb1+ 23. Rxb1 Na5 24. Rb4 Nc6 25. Rb2 Rc8 26. Nd2 Qxa2 27.
Rxa2 a5 28. Kf2 Rb8 29. e4 fxe4 30. fxe4 Kf7 31. Ke3 Ra8 32. Ra4 Ke7 33. Nc4
Kd8 34. d5 exd5 35. exd5 Ne7 36. Kd4 Nf5+ 37. Ke5 Nh4 38. Nxa5 Ng6+ 39. Kd6
Ra6+ 40. Nc6+ 1-0

[Event "37. Open Barberá del Vallés 2014"]
[Site "Barberá del Vallés ESP"]
[Date "2014.07.08"]
[Round "5.41"]
[White "Castillo Escario, Yolanda"]
[Black "Bekker, Gary"]
[Result "1/2-1/2"]
[WhiteElo "2029"]
[BlackElo "1820"]
[PlyCount "48"]
[EventDate "2014.07.04"]
[EventType "swiss"]
[EventRounds "9"]
[EventCountry "ESP"]
[Source "lmi"]
[SourceDate "2014.07.04"]

1. e4 e5 2. Nf3 Nc6 3. Nc3 Nf6 4. Bb5 Bb4 5. O-O d6 6. d3 O-O 7. Bg5 Bxc3 8.
bxc3 Qe7 9. Re1 Nd8 10. d4 Ne6 11. Bd2 c6 12. Bd3 Qc7 13. Nh4 exd4 14. Nf5 Nc5
15. Nxd4 Re8 16. Qf3 d5 17. exd5 Bg4 18. d6 Qxd6 19. Nf5 Qxd3 20. Rxe8+ Rxe8
21. Qxg4 Nxg4 22. cxd3 Nxd3 23. f3 Nf6 24. Nd6 Re2 1/2-1/2

[Event "37. Open Barberá del Vallés 2014"]
[Site "Barberá del Vallés ESP"]
[Date "2014.07.08"]
[Round "5.42"]
[White "Estepa-Fonseca, Omar Maria"]
[Black "Jimenez Ruano, Adrian"]
[Result "1-0"]
[WhiteElo "1978"]
[BlackElo "1851"]
[PlyCount "107"]
[EventDate "2014.07.04"]
[EventType "swiss"]
[EventRounds "9"]
[EventCountry "ESP"]
[Source "lmi"]
[SourceDate "2014.07.04"]

1. d4 Nf6 2. c4 g6 3. g3 Bg7 4. Bg2 O-O 5. Nc3 d6 6. Nf3 Re8 7. O-O c6 8. e4
Bg4 9. h3 Bxf3 10. Bxf3 e5 11. d5 cxd5 12. cxd5 Na6 13. Be3 Nd7 14. Qe2 f5 15.
Rac1 Rf8 16. g4 f4 17. Bd2 Nc7 18. Nb5 Nxb5 19. Qxb5 Nc5 20. b4 a6 21. Qc4 b5
22. Qe2 Na4 23. Rc6 Nb6 24. Rfc1 Nc4 25. R1xc4 bxc4 26. Qxc4 Rf7 27. Rxa6 Rxa6
28. Qxa6 Qb8 29. Bd1 Ra7 30. Qc4 Ra3 31. Bb3 f3 32. Qd3 Qf8 33. b5 Ra7 34. a4
Rf7 35. Bd1 h5 36. g5 Qc8 37. Kh2 Qc5 38. Be3 Qb4 39. Bd2 Qc5 40. Qe3 Qc4 41.
Qe1 Bf8 42. b6 Be7 43. a5 Bd8 44. Kg3 Qb5 45. Be3 h4+ 46. Kxh4 Qd7 47. Kg3 Rh7
48. Qf1 Qc8 49. Bxf3 Qc3 50. a6 Qb3 51. a7 Qa3 52. Qb5 Kf8 53. b7 Qa1 54. a8=Q
1-0

[Event "37. Open Barberá del Vallés 2014"]
[Site "Barberá del Vallés ESP"]
[Date "2014.07.09"]
[Round "6.1"]
[White "Peralta, Fernando"]
[Black "Saptarshi, Roy"]
[Result "1-0"]
[WhiteElo "2596"]
[BlackElo "2449"]
[PlyCount "129"]
[EventDate "2014.07.04"]
[EventType "swiss"]
[EventRounds "9"]
[EventCountry "ESP"]
[Source "lmi"]
[SourceDate "2014.07.04"]

1. d4 d5 2. c4 e6 3. Nc3 c6 4. e3 Nf6 5. Bd3 Nbd7 6. cxd5 exd5 7. Nge2 Bd6 8.
f3 O-O 9. O-O c5 10. Nf4 cxd4 11. exd4 Nb6 12. Qe1 Re8 13. Qh4 h6 14. a4 a5 15.
Nb5 Bf8 16. b3 Bd7 17. Bd2 Bc6 18. Ne2 Nc8 19. Ng3 Nh7 20. Qf4 g6 21. Rfe1
Rxe1+ 22. Rxe1 Bxb5 23. Bxb5 Nd6 24. Bd3 Bg7 25. h4 Qf6 26. Qxf6 Bxf6 27. Bxh6
Bxd4+ 28. Kf1 Nf6 29. Bf4 Bc5 30. Rc1 Bb4 31. Rc7 Nfe8 32. Rd7 Rc8 33. h5 Nf6
34. Rxd6 Bxd6 35. Bxd6 Rc3 36. Bb5 Rxb3 37. hxg6 fxg6 38. Ne2 Kf7 39. Bc7 Ne8
40. Be5 g5 41. Nd4 Rb1+ 42. Kf2 Ke7 43. g4 Rc1 44. Ne2 Rc2 45. Ke3 Nc7 46. Kd3
Rc5 47. Bd4 Rxb5 48. axb5 Nxb5 49. Be3 Kf6 50. Nc3 Nc7 51. Bb6 Ne6 52. Bxa5 Ke5
53. Ne2 b5 54. Bc3+ Kd6 55. Bb4+ Ke5 56. Bc3+ Kd6 57. Bb4+ Ke5 58. Ke3 d4+ 59.
Nxd4 Nf4 60. Nc2 Kd5 61. Be7 Ne6 62. Na3 Kc6 63. Ke4 Kd7 64. Bb4 Kc6 65. Nc2
1-0

[Event "37. Open Barberá del Vallés 2014"]
[Site "Barberá del Vallés ESP"]
[Date "2014.07.09"]
[Round "6.2"]
[White "Grigoryan, Karen H"]
[Black "Aroshidze, Levan"]
[Result "1-0"]
[WhiteElo "2592"]
[BlackElo "2565"]
[PlyCount "85"]
[EventDate "2014.07.04"]
[EventType "swiss"]
[EventRounds "9"]
[EventCountry "ESP"]
[Source "lmi"]
[SourceDate "2014.07.04"]

1. d4 Nf6 2. c4 e6 3. Nf3 b6 4. g3 Bb7 5. Bg2 Be7 6. O-O O-O 7. Re1 Qc8 8. Nc3
Ne4 9. Bd2 Bf6 10. Rc1 d6 11. d5 Bxc3 12. Bxc3 e5 13. b4 a5 14. a3 axb4 15.
axb4 Nd7 16. Bb2 f5 17. Nh4 Qe8 18. Qc2 Qf7 19. Rf1 g6 20. f3 Nef6 21. e4 fxe4
22. fxe4 Qe7 23. Bh3 c5 24. b5 Nh5 25. Qe2 Ndf6 26. Be6+ Kh8 27. Qe3 Ng8 28.
Nf3 Ng7 29. Ng5 h6 30. Nf7+ Kh7 31. Rf2 Nxe6 32. dxe6 Qxe6 33. Rcf1 Kg7 34. Qd3
Rad8 35. Nxd8 Rxd8 36. Bxe5+ Qxe5 37. Rf7+ Kh8 38. Rxb7 Nf6 39. Rxb6 Ng4 40.
Qf3 h5 41. Rb7 Qd4+ 42. Kh1 Rg8 43. h3 1-0

[Event "37. Open Barberá del Vallés 2014"]
[Site "Barberá del Vallés ESP"]
[Date "2014.07.09"]
[Round "6.3"]
[White "Gomez Ledo, Roberto Carlos"]
[Black "Narciso Dublan, Marc"]
[Result "0-1"]
[WhiteElo "2429"]
[BlackElo "2523"]
[PlyCount "53"]
[EventDate "2014.07.04"]
[EventType "swiss"]
[EventRounds "9"]
[EventCountry "ESP"]
[Source "lmi"]
[SourceDate "2014.07.04"]

1. d4 Nf6 2. c4 e6 3. Nc3 Bb4 4. Bg5 c5 5. d5 d6 6. e3 h6 7. Bh4 Bxc3+ 8. bxc3
e5 9. Qc2 g5 10. Bg3 Nh5 11. Bd3 O-O 12. f3 f5 13. Bf2 Qf6 14. h3 Nd7 15. Be2
Ng7 16. e4 fxe4 17. Qxe4 Nb6 18. g4 Ne8 19. h4 Qg7 20. hxg5 hxg5 21. Nh3 Nf6
22. Qe3 e4 23. Qxg5 exf3 24. Bd3 Re8+ 25. Kf1 Bxg4 26. Qh4 Bf5 27. Qg5 0-1

[Event "37. Open Barberá del Vallés 2014"]
[Site "Barberá del Vallés ESP"]
[Date "2014.07.09"]
[Round "6.4"]
[White "Cruz, Jonathan"]
[Black "Ghosh, Diptayan"]
[Result "0-1"]
[WhiteElo "2471"]
[BlackElo "2468"]
[PlyCount "136"]
[EventDate "2014.07.04"]
[EventType "swiss"]
[EventRounds "9"]
[EventCountry "ESP"]
[Source "lmi"]
[SourceDate "2014.07.04"]

1. d4 d5 2. Bf4 Nf6 3. c3 c5 4. e3 Nc6 5. Nd2 cxd4 6. exd4 Bf5 7. Ngf3 e6 8.
Qb3 Qc8 9. Nh4 Be4 10. Nxe4 dxe4 11. g3 Be7 12. Ng2 O-O 13. Be2 Nd5 14. Bd2 Qd7
15. f3 exf3 16. Bxf3 Na5 17. Qc2 Rac8 18. O-O Nc4 19. Rf2 b5 20. Be4 Nxd2 21.
Bxh7+ Kh8 22. Rxd2 g6 23. Bxg6 fxg6 24. Qxg6 Rf6 25. Qh5+ Kg7 26. Nh4 Qe8 27.
Qg4+ Kh8 28. Rf2 Qg8 29. Qh5+ Qh7 30. Qe5 Rg8 31. Ng2 Rgf8 32. Nf4 Bd6 33. Qxd6
Nxf4 34. Rxf4 Rxf4 35. Qe5+ R4f6 36. Re1 Qf5 37. Qxf5 Rxf5 38. Re2 e5 39. dxe5
Re8 40. e6 Kg7 41. Kg2 Kf6 42. h4 Rxe6 43. Rd2 Re3 44. Rd6+ Kg7 45. Rd7+ Rf7
46. Rd2 Rff3 47. Rd7+ Kf6 48. Rd6+ Ke7 49. Rg6 Rf6 50. Rg5 Re2+ 51. Kh3 Rxb2
52. h5 a6 53. a3 Rb3 54. Rc5 Rxa3 55. Rc7+ Kd6 56. Ra7 Rxc3 57. Rxa6+ Rc6 58.
Ra7 Rc7 59. Ra8 Rff7 60. Rd8+ Rfd7 61. Rf8 b4 62. g4 b3 63. Rf1 b2 64. Rb1 Rc2
65. h6 Ke5 66. Kh4 Kf6 67. Re1 Rc1 68. g5+ Kf7 0-1

[Event "37. Open Barberá del Vallés 2014"]
[Site "Barberá del Vallés ESP"]
[Date "2014.07.09"]
[Round "6.5"]
[White "Gomez Garrido, Camilo Ernesto"]
[Black "Lorenzo De La Riva, Lazaro"]
[Result "1-0"]
[WhiteElo "2495"]
[BlackElo "2426"]
[PlyCount "55"]
[EventDate "2014.07.04"]
[EventType "swiss"]
[EventRounds "9"]
[EventCountry "ESP"]
[Source "lmi"]
[SourceDate "2014.07.04"]

1. e4 c6 2. d4 d5 3. e5 Bf5 4. Nf3 e6 5. Be2 c5 6. O-O Nc6 7. c3 cxd4 8. Nxd4
Nxd4 9. cxd4 Ne7 10. Qb3 Qb6 11. Qxb6 axb6 12. Nc3 Nc6 13. Be3 h5 14. h3 Be7
15. a3 O-O 16. b4 h4 17. Nb5 Na7 18. Nc7 Rac8 19. Rac1 Bd8 20. Nb5 Nxb5 21.
Rxc8 Nxa3 22. Ra1 Nc2 23. Raa8 Be7 24. Rxf8+ Bxf8 25. b5 f6 26. exf6 Kf7 27.
Rb8 gxf6 28. Bh5+ 1-0

[Event "37. Open Barberá del Vallés 2014"]
[Site "Barberá del Vallés ESP"]
[Date "2014.07.09"]
[Round "6.6"]
[White "Munoz Pantoja, Miguel"]
[Black "Sagar, Shah"]
[Result "0-1"]
[WhiteElo "2457"]
[BlackElo "2314"]
[PlyCount "128"]
[EventDate "2014.07.04"]
[EventType "swiss"]
[EventRounds "9"]
[EventCountry "ESP"]
[Source "lmi"]
[SourceDate "2014.07.04"]

1. e4 c5 2. Nf3 Nc6 3. d4 cxd4 4. Nxd4 e6 5. c4 Nf6 6. Nxc6 bxc6 7. Bd3 Bb4+ 8.
Bd2 Bxd2+ 9. Qxd2 d6 10. Nc3 O-O 11. O-O e5 12. Rad1 Qe7 13. Bc2 Rd8 14. Rfe1
Bg4 15. f3 Be6 16. b3 Rd7 17. Qe3 Rad8 18. Rd2 Ne8 19. Red1 f6 20. Qe2 Qf7 21.
Bd3 c5 22. Qe3 Nc7 23. Nb5 Na6 24. f4 Qe7 25. f5 Bf7 26. g4 Nb4 27. Rg2 Nc6 28.
h4 Kh8 29. g5 Bg8 30. Kh2 Nd4 31. Nc3 Rf8 32. Rdg1 Qe8 33. Be2 fxg5 34. hxg5 g6
35. f6 h6 36. Rh1 Rh7 37. Kg1 Ne6 38. Rgh2 hxg5 39. Nd5 Nf4 40. Qg3 Nxd5 41.
cxd5 Rxf6 42. Qxg5 Qe7 43. Rxh7+ Bxh7 44. Qh4 Rf7 45. Qxe7 Rxe7 46. Kf2 Kg7 47.
b4 cxb4 48. Rc1 Rb7 49. Rc6 Rb6 50. Rc7+ Kh6 51. Rxa7 g5 52. Bf3 g4 53. Bxg4
Bxe4 54. Bf3 Bg6 55. Rc7 Ra6 56. Rc6 Rxa2+ 57. Ke3 Ra3+ 58. Kf2 b3 59. Rxd6 Kg5
60. Rb6 Ra2+ 61. Ke3 b2 62. d6 b1=Q 63. Rxb1 Bxb1 64. d7 Ra3+ 0-1

[Event "37. Open Barberá del Vallés 2014"]
[Site "Barberá del Vallés ESP"]
[Date "2014.07.09"]
[Round "6.7"]
[White "Oliva Castaneda, Kevel"]
[Black "Diaz Camallonga, Carles"]
[Result "0-1"]
[WhiteElo "2419"]
[BlackElo "2235"]
[PlyCount "64"]
[EventDate "2014.07.04"]
[EventType "swiss"]
[EventRounds "9"]
[EventCountry "ESP"]
[Source "lmi"]
[SourceDate "2014.07.04"]

1. Nf3 Nf6 2. c4 e6 3. g3 b6 4. Bg2 Bb7 5. O-O c5 6. Nc3 Be7 7. Re1 d6 8. e4 e5
9. d3 O-O 10. Nh4 Nc6 11. Nf5 Nd4 12. Nxe7+ Qxe7 13. f4 exf4 14. gxf4 Nd7 15.
Be3 Qh4 16. Qd2 f5 17. Nd5 Bxd5 18. cxd5 Rae8 19. Rac1 Nf6 20. Bf2 Qh6 21. Bg3
Nh5 22. Rf1 Qg6 23. Qe3 Qg4 24. Rf2 fxe4 25. dxe4 Nxf4 26. Bf1 Rxe4 27. Qxe4
Nh3+ 28. Bxh3 Qxe4 29. Rxf8+ Kxf8 30. Rf1+ Kg8 31. Bxd6 Ne2+ 32. Kf2 Qxd5 0-1

[Event "37. Open Barberá del Vallés 2014"]
[Site "Barberá del Vallés ESP"]
[Date "2014.07.09"]
[Round "6.8"]
[White "Hernando Rodrigo, Julio Antoni"]
[Black "Matnadze, Ana"]
[Result "1/2-1/2"]
[WhiteElo "2332"]
[BlackElo "2389"]
[PlyCount "79"]
[EventDate "2014.07.04"]
[EventType "swiss"]
[EventRounds "9"]
[EventCountry "ESP"]
[Source "lmi"]
[SourceDate "2014.07.04"]

1. d4 Nf6 2. c4 e6 3. Nf3 b6 4. g3 Bb7 5. Bg2 Be7 6. O-O O-O 7. Nc3 Ne4 8. Nxe4
Bxe4 9. b3 f5 10. Bb2 Bf6 11. Ne1 Bxg2 12. Nxg2 c5 13. Rb1 Nc6 14. d5 Ne5 15.
Nf4 Qe7 16. Nh5 Ng4 17. Nxf6+ Nxf6 18. dxe6 dxe6 19. Bxf6 Qxf6 20. Qc2 Rad8 21.
Rbd1 h5 22. Rxd8 Rxd8 23. Rd1 h4 24. Rxd8+ Qxd8 25. Kg2 Kf7 26. Qc3 hxg3 27.
hxg3 Qa8+ 28. Qf3 Qxf3+ 29. Kxf3 Kf6 30. e4 Ke5 31. exf5 exf5 32. Ke3 g5 33.
f4+ gxf4+ 34. gxf4+ Ke6 35. Kf3 Kf6 36. Kg3 Kg6 37. Kh4 Kh6 38. Kh3 Kh5 39. Kg3
Kg6 40. Kh3 1/2-1/2

[Event "37. Open Barberá del Vallés 2014"]
[Site "Barberá del Vallés ESP"]
[Date "2014.07.09"]
[Round "6.9"]
[White "Martinez Ramirez, Erik"]
[Black "Palit, Somak"]
[Result "0-1"]
[WhiteElo "2324"]
[BlackElo "2411"]
[PlyCount "72"]
[EventDate "2014.07.04"]
[EventType "swiss"]
[EventRounds "9"]
[EventCountry "ESP"]
[Source "lmi"]
[SourceDate "2014.07.04"]

1. e4 e6 2. Nf3 d5 3. Nc3 Nf6 4. e5 Nfd7 5. d4 c5 6. dxc5 Nc6 7. Bf4 Nxc5 8. a3
Be7 9. h4 f6 10. Bd3 Qb6 11. Rb1 Nxd3+ 12. Qxd3 fxe5 13. Bxe5 Nxe5 14. Nxe5 O-O
15. Nf3 Bd7 16. O-O Rf5 17. a4 Raf8 18. b3 Bxh4 19. Nxh4 Rxf2 20. Kh1 Qb4 21.
Nf3 R8xf3 22. Qxf3 Rxf3 23. Rxf3 Qh4+ 24. Kg1 d4 25. Rbf1 h6 26. Rf8+ Kh7 27.
R8f4 Qg5 28. Ne4 Qe5 29. g3 Bc6 30. Re1 Qh5 31. Rh4 Qa5 32. Re2 g5 33. Rh5 Kg6
34. Rh1 Qf5 35. Nd6 Qg4 36. Rxh6+ Kxh6 0-1

[Event "37. Open Barberá del Vallés 2014"]
[Site "Barberá del Vallés ESP"]
[Date "2014.07.09"]
[Round "6.10"]
[White "Bas Mas, Jose Joaquin"]
[Black "Gonzalez Perez, Arian"]
[Result "1/2-1/2"]
[WhiteElo "2278"]
[BlackElo "2494"]
[PlyCount "118"]
[EventDate "2014.07.04"]
[EventType "swiss"]
[EventRounds "9"]
[EventCountry "ESP"]
[Source "lmi"]
[SourceDate "2014.07.04"]

1. e4 c5 2. Nf3 d6 3. d4 cxd4 4. Nxd4 Nf6 5. Nc3 g6 6. Bg5 Bg7 7. Bb5+ Bd7 8.
Qe2 a6 9. Bxd7+ Nbxd7 10. O-O-O Rc8 11. f4 Rxc3 12. bxc3 Qa5 13. Bxf6 Bxf6 14.
Qc4 O-O 15. Nb3 Qxa2 16. Kd2 Nb6 17. Qb4 Na4 18. Nc1 Qe6 19. Qxa4 b5 20. Qxa6
Qxe4 21. g3 Ra8 22. Qxb5 Bxc3+ 23. Kxc3 Rc8+ 24. Kb3 Qxc2+ 25. Ka3 Ra8+ 26. Kb4
Qe4+ 27. Qc4 Ra4+ 28. Kxa4 Qxc4+ 29. Ka3 e5 30. fxe5 dxe5 31. Nb3 e4 32. Rd4
Qa6+ 33. Kb2 Qe2+ 34. Rd2 Qb5 35. Re1 f5 36. Rc1 Qe5+ 37. Kb1 Kg7 38. Nc5 Kh6
39. Re2 Kg5 40. Rc4 Qd5 41. Nxe4+ Kh6 42. Rcc2 fxe4 43. Kc1 Kg5 44. Re3 Qd4 45.
Rce2 Kf5 46. Kc2 Ke5 47. Kc1 g5 48. Kc2 h5 49. Kc1 Qd5 50. Kc2 Qc6+ 51. Kd1 Kd4
52. Rxe4+ Qxe4 53. Rxe4+ Kxe4 54. Ke2 g4 55. Kf2 Kd3 56. Kf1 Ke3 57. Ke1 Kf3
58. Kf1 Ke3 59. Ke1 Kf3 1/2-1/2

[Event "37. Open Barberá del Vallés 2014"]
[Site "Barberá del Vallés ESP"]
[Date "2014.07.09"]
[Round "6.11"]
[White "Gurevich, Daniel"]
[Black "Mascaro March, Pedro"]
[Result "1/2-1/2"]
[WhiteElo "2317"]
[BlackElo "2417"]
[PlyCount "60"]
[EventDate "2014.07.04"]
[EventType "swiss"]
[EventRounds "9"]
[EventCountry "ESP"]
[Source "lmi"]
[SourceDate "2014.07.04"]

1. e4 e6 2. d4 d5 3. exd5 exd5 4. Nf3 Nf6 5. Bg5 Be7 6. Bd3 O-O 7. O-O Bg4 8.
Nbd2 Nc6 9. c3 Bh5 10. Re1 Bg6 11. Qc2 Re8 12. Ne5 Nxe5 13. dxe5 Nd7 14. Bxe7
Qxe7 15. f4 Bxd3 16. Qxd3 Nc5 17. Qf3 Rad8 18. Re2 f5 19. Kh1 c6 20. Qe3 a6 21.
Rd1 Rd7 22. b4 Ne4 23. Nxe4 fxe4 24. Qd4 Rdd8 25. Re3 Rf8 26. Rf1 Qh4 27. g3
Qh3 28. Kg1 h6 29. Re2 Kh7 30. Ref2 Qf5 1/2-1/2